Ellie and the Ivy
| Main Author: | |
|---|---|
| Other Authors: | |
| Format: | Book |
| Published: |
Oxford :
University Press ,
1989
|
| Subjects: |
MARC
| LEADER | 00000cam a2200000 7i4500 | ||
|---|---|---|---|
| 001 | 0000003373 | ||
| 002 | 000003640 | ||
| 005 | 20000330.0 | ||
| 020 | |a 0195407261 | ||
| 090 | 0 | 0 | |a JF |b MOR |
| 100 | 1 | |a Morgan, Allen | |
| 245 | 1 | 0 | |a Ellie and the Ivy |c Allen Morgan ; pictures by Steve Beinicke |
| 260 | |a Oxford : |b University Press , |c 1989 | ||
| 300 | |a 30 p. : |b ill. ; |c 27 cm. | ||
| 650 | 0 | 0 | |a Children's stories |
| 700 | 1 | |a Beinicke, Steve , |e pictures by | |
| 999 | |a 036927 |b BUKU |c PINJAMAN |e PERPUSTAKAAN KOMUNITI PETALING JAYA | ||